000 00766nam a22002177a 4500
005 20111226113751.0
010 _aENG-104501
020 _a9788121210584
_c750.00
035 _aEN-88034
037 _bDBAD/PUB
082 _a378
245 0 0 _aHigher education :
_cedited by S.M.Paul Khurana [and] P.K.Singhal
_bquality and management /
260 _a New Delhi
_bGyan Publishing House
_c2010
270 _a23, Main Ansari Road, Darya Ganj
_bNew Delhi
_e110002
300 _a448p.
_c22cm (Hb)
500 _aIncludes index
700 _aKhurana, S.M.Paul
_937583
700 _aSinghal, P.K.
_937584
942 _2ddc
_cEN
_mHIG
999 _c59970
_d59970